| 000 | 00505nam a2200157 a 4500 | ||
|---|---|---|---|
| 001 | 000020980 | ||
| 005 | 20200930011214.0 | ||
| 008 | 100825s1977 dr 001 0 spa d | ||
| 040 |
_aDO-SdBNP _bspa _cBNPHU |
||
| 082 |
_axxxxx _bM321h |
||
| 245 | 0 | 0 |
_aMarcos : _bdesde el hombre fragmentado hasta el círculo crístico /. |
| 260 |
_aSanto Domingo : _bCultural Dominicana, _c1977. |
||
| 300 |
_a334 p. ; _c21 cm. |
||
| 500 | _aDistinto concepto de ser en una nueva dimensión de pensamiento | ||
| 049 | _aBNPD | ||
| 999 |
_c20483 _d20483 |
||